|
|
|
|
| LEADER |
00000nam0a2200000 4500 |
| 001 |
371690 |
| 005 |
20231102012414.0 |
| 035 |
|
|
|a (RuTPU)RU\TPU\retro\29100
|
| 090 |
|
|
|a 371690
|
| 100 |
|
|
|a 20221103d1985 m y0rusy50 ca
|
| 101 |
0 |
|
|a rus
|
| 102 |
|
|
|a RU
|
| 105 |
|
|
|a a z 000zy
|
| 200 |
1 |
|
|a Проза и публицистика о войне
|f М. А. Шолохов
|g худож. Б. Алимов
|
| 210 |
|
|
|a Москва
|c Современник
|d 1985
|
| 215 |
|
|
|a 287 с.
|c ил.
|
| 606 |
1 |
|
|a Русская литература современная
|2 stltpush
|3 (RuTPU)RU\TPU\subj\26373
|9 50316
|
| 610 |
1 |
|
|a советская литература
|
| 610 |
1 |
|
|a художественная литература
|
| 610 |
1 |
|
|a публицистика
|
| 610 |
1 |
|
|a романы
|
| 610 |
1 |
|
|a очерки
|
| 610 |
1 |
|
|a Великая Отечественная война 1941-1945
|
| 610 |
1 |
|
|a военная проза
|
| 675 |
|
|
|a Р2
|v 4
|
| 700 |
|
1 |
|a Шолохов
|b М. А.
|c русский писатель
|c академик АН СССР
|f 1905-1984
|g Михаил Александрович
|2 stltpush
|3 (RuTPU)RU\TPU\pers\495
|4 070
|9 236
|
| 702 |
|
1 |
|a Алимов
|b Б.
|4 440
|
| 801 |
|
1 |
|a RU
|b 63413507
|c 20221103
|
| 801 |
|
2 |
|a RU
|b 63413507
|c 20230110
|g RCR
|
| 942 |
|
|
|c BK
|